My Favourite Trivia #1 - Statistics

General Stats
  • This quiz has been taken 14 times
    4 since last reset
  • The average score is 4 of 30
Answer Stats
Answer % Correct
What is the southernmost state of the United States? Hawai'i
67%
How many names are engraved into the Eiffel Tower? 72
33%
Which medication is (probably) the most toxic substance known to man? BoTox
33%
Meaning the genetic decrease of socially desirable traits is what antonym of eugenics? Dysgenics
33%
To whom is the quote "And yet it [the Earth] moves" attributed? Galileo Galilei
33%
In which film is the song “I Got You Babe” heard 10 times? Groundhog Day
33%
Where is the deepest artificial point on Earth? Russia
33%
Where was the first video uploaded to YouTube filmed? San Diego Zoo
33%
The mixed-race Burgher ethnic group are inhabitants of which country? Sri Lanka
33%
Which luxury company has copyrighted a light medium robin egg blue color? Tiffany & Co.
33%
What was the first synthetic flavouring? Vanilla
33%
How many events are referred to in Billy Joel's We Didn't Start the Fire? 118
0%
What is the most streamed song in a single day on Spotify? All I Want for Christmas is You
0%
Where is Mount Erebus, the site of the deadliest accident in the history of Air New Zealand? Antarctica
0%
What is the name given to the curve formed by a hanging chain or cable? Catenary
0%
Which former professional boxer has five sons, all named George? George Foreman
0%
What is the "foot-candle" a non-standard unit for? Illuminance
0%
What is the most populous Canadian island? Island of Montreal
0%
From where did the ukulele originate? Portugal
0%
What is the largest unfinished Catholic church in the world, having been in construction since 1882? Sagrada Família
0%
Which sea, written about by the likes of Jean Rhys and Jules Verne, does not border land? Sargasso Sea
0%
Where is the national animal the unicorn? Scotland
0%
“Last Man Standing” is the title of which Australian athlete’s autobiography? Steven Bradbury
0%
Philosopher Bertrand Russell imagined the existence of what household object in deep space? Teapot
0%
What is the largest lake on Earth by surface area? the Caspian Sea
0%
What do the books, What Men Know About Women by Rich Ferguson, Reasons To Vote For Democrats by Michael Knowles and Fifty Shades of Gray by Sheridan Simove have in common? They're empty
0%
The "bazooka" (musical instrument) bears a similarity to which other more common instrument? Trombone
0%
What is the world’s largest employer? United States Department of Defence
0%
Who has been awarded the most Academy Awards, with 22? Walt Disney
0%
"Oxidane" is the systematic name for which common chemical? Water
0%
No matching quizzes found
Score Distribution
Percent of People with Each Score
Percentile by Number Answered
Your Score History
You have not taken this quiz since the last reset